Blackadder Quotes - Statistics

General Stats
  • This quiz has been taken 243 times
  • The average score is 11 of 15
Answer Stats
Hint Answer % Correct
I have a ____ plan Cunning
99%
It's the most pointless book since "How to Learn French"... was translated into ___ French
94%
If we should step on a __ sir, what should we do? Well the normal procedure is to leap 200 feet into the air and scatter yourself over a large area. Mine
92%
For me, socks are a lot like __: tonnes of it about, and I never seem to get any Sex
91%
Oh We've survived it, The Great War, From 1914 to __ 1917
90%
Baldrick, the slug is dead. If it failed to cling on to life, I see no reason why it should wish to cling on to your ___ __ Upper Lip
79%
Ha ha ha! You English and your sense of humour! How lucky you English are to find the ___ so amusing! For us, it is a mundane and functional item...for you, the basis of an entire culture Toilet
74%
Right, now here's the plan. When he offers me the swords... I kick him in the nuts and you set fire to the building. In the confusion, we claim a __ Draw
70%
We're in the stickiest situation since ___ __ ___ ___ got stuck on a sticky bun Sticky the Stick Insect
67%
I think the phrase rhymes with ____ __ Clucking Bell
63%
Yes. To you, Baldrick, the ______ was just something that happened to other people, wasn't it? Renaissance
61%
Baldrick, believe me, eternity in the company of Beelzebub and all his hellish instruments of death will be a picnic compared to five minutes with me and this ___ if we can't replace this dictionary Pencil
60%
I think I'll write my tombstone - 'Here lies Edmund Blackadder, and he's ___ ____ Bloody Annoyed
57%
Millions have died, but our troops have advanced no further than an asthmatic ant with some ___ ____ Heavy Shopping
50%
They do say, Mrs M, that verbal insults hurt more than physical pain. They are, of course, wrong, as you will soon discover when I stick this ____ __ into your head Toasting Fork
26%
No matching quizzes found
Score Distribution
Percent of People with Each Score
Percentile by Number Answered
Your Score History
You have not taken this quiz